00539cam a22001931 4500001001300000003000400013005001700017008004100034010001700075035002000092040003700112042001200149050001900161100002800180245005100208260005200259300001900311999001500330af 48003901 DLC20260227110905.0890323s1943 gw 000 0 ger c aaf 48003901  a(OCoLC)19419218 aCalifornia. Univ. Libr.cCUdDLC apremarc00aPT2603.E18bU41 aBecker, Herbert,d1903-10aÜber uns die Sterne,bSchauspiel in 3 Akten. aBerlin-Charlottenburg,bG. Kiepenheuerc[c1943] a110 p.c21 cm. c5818d5818